{"text_format":"3","workbook":"xlsx","n_sheets":3,"sheets":["Sheet1","Sheet2","Sheet3"],"read":"whole","date_system":"1900"}

{"sheet":"Sheet1","index":0,"n_rows":22,"n_cols":8,"rows_kept":22,"merged":[[21,0,21,5]]}
["序号","物料名称","规格型号","数量","单位","单价（元）","总价（元）","生产厂家"]
[1,"筹划控制软件","FL-LJ001S1",1,"套",868000,{"$f":"F2*D2","v":868000},"杭州富凌科技有限公司"]
[2,"分析评估软件","FL-LJ001S2",1,"套",760000,{"$f":"F3*D3","v":760000},"杭州富凌科技有限公司"]
[3,"复盘溯源软件","FL-LJ001S3",1,"套",768000,768000,"杭州富凌科技有限公司"]
[4,"多维显示软件","FL-LJ001S4",1,"套",336030,336030,"杭州富凌科技有限公司"]
[5,"蓝军控制软件","FL-LJ001S5",1,"套",868000,868000,"杭州富凌科技有限公司"]
[6,"数据管理软件","FL-LJ001S6",1,"套",46000,46000,"杭州富凌科技有限公司"]
[7,"调理终端软件","FL-LJ001S7",10,"套",16000,160000,"杭州富凌科技有限公司"]
[8,"固定型目标","FL-JQ017A1",56,"个",18000,1008000,"杭州富凌科技有限公司"]
[9,"机动型目标","FL-ZR019A1",15,"个",75000,1125000,"杭州富凌科技有限公司"]
[10,"突击装备模拟目标","FL-YD005A1",14,"个",100000,1400000,"杭州富凌科技有限公司"]
[11,"地面火力模拟目标","FL-DH040A1",6,"个",20387,122322,"杭州富凌科技有限公司"]
[12,"空中模拟目标","FL-FX060A1",2,"个",50200,100400,"杭州富凌科技有限公司"]
[13,"工事模拟目标","FL-GS050A1",40,"个",11200,448000,"杭州富凌科技有限公司"]
[14,"单兵信息采集终端","MNZD-DBZJ-01",574,"套",3680,2112320,"杭州富凌科技有限公司"]
[15,"装备信息采集终端","MNZD-TY-01",83,"套",7360,610880,"杭州富凌科技有限公司"]
[16,"火力效能采集设备","FL-HX012A1",4,"套",405507,1622028,"杭州富凌科技有限公司"]
[17,"北斗增强设备","FZSB-BDJZ-01",1,"套",65000,65000,"杭州富凌科技有限公司"]
[18,"蓝军控制终端硬件","CXD156-F",150,"套",9200,1380000,"杭州富凌科技有限公司"]
[19,"充电柜","FL-CD050A1",2,"套",25760,51520,"杭州富凌科技有限公司"]
[20,"训练场地理信息建模","DKDT-JM-01",50,"平方千米",8000,400000,"杭州富凌科技有限公司"]
["合计",{"$nulls":5},{"$f":"SUM(G2:G21)","v":14251500}]

{"sheet":"Sheet2","index":1,"n_rows":0,"n_cols":0,"rows_kept":0}

{"sheet":"Sheet3","index":2,"n_rows":0,"n_cols":0,"rows_kept":0}